ALL Characters from the Darren Shan Saga Quiz Stats

 Plays Quiz not verified by Sporcle

Score 0/53 Timer 15:00
0 Plays Today
Answer % Correct
Darren Shan
98.4%
Larten Crepsley
91.9%
Steve Leonard
85.5%
Steve Leonard
85.5%
Desmond Tiny
80.6%
Harkat Mulds
79%
Debbie Hemlock
77.4%
Vancha March
74.2%
Evra Von
72.6%
Annie Shan
72.6%
Hibernius Tall
71%
Kurda Smahlt
71%
Lady Evanna
69.4%
Gavner Purl
64.5%
Arrow
64.5%
Dermot Shan
64.5%
Paris Skyle
62.9%
Seba Nile
59.7%
Truska
59.7%
Murlough
56.5%
Arra Sails
56.5%
Mika Ver Leth
54.8%
Gannen Harst
54.8%
Angela Shan
54.8%
Tommy Jones
54.8%
Shancus Von
54.8%
Darius Shan
48.4%
Answer % Correct
Sam Grest
48.4%
Alice Burgess
45.2%
Hans Hands
45.2%
Rhamus Twobellies
43.5%
Alan Morris
40.3%
Merla Von
38.7%
Cormac Limbs
38.7%
Vanez Blane
37.1%
Wolfman
37.1%
Alexander Ribs
33.9%
Sive
33.9%
Gertha
32.3%
Seersa
30.6%
Morgan James
29%
Urcha Von
29%
Lilia Von
25.8%
Spits Abrams
24.2%
Jekkus Flang
21%
Oggy Bas
16.1%
Declan
16.1%
Jimmy Ovo
12.9%
Mark Ryter
12.9%
Bradley
12.9%
Walter Blaws
11.3%
Tara Williams
11.3%
Glalda Erefith
8.1%

You're not logged in!

Compare scores with friends on all Sporcle quizzes.
OR
Log In

Sporcle TV

Today on Sporcle TV


Watch our educational content, quiz creation guides, and fun videos on Sporcle TV.

Show Comments

Extras

Top Quizzes Today


Score Distribution

Your Account Isn't Verified!

In order to create a playlist on Sporcle, you need to verify the email address you used during registration. Go to your Sporcle Settings to finish the process.

Report this User

Report this user for behavior that violates our Community Guidelines.

Details: